000 00362nam a2200145Ia 4500
005 20250729165755.0
008 250729s2017 xx 000 0 und d
041 _akan
082 _a373.011 RADM
100 _aRudraradya R
_9232689
245 _aMoulya Shikshana
260 _aMysore
_bVismaya Prakashana
_c2017
300 _a128p
650 _aEducation
_9232690
999 _c239908
_d239908